Antike griechische Münzen : Mit Registern und 82 Abbildungen auf IV Tafeln /
Saved in:
| Main Author: | |
|---|---|
| Format: | Book |
| Language: | German |
| Published: |
Genf,
Verlag der Schweiz. numismat. Gesellschaft,
1913.
|
| Subjects: | |
| Tags: |
Add Tag
No Tags, Be the first to tag this record!
|
| LEADER | 01026nam a2200253I 4500 | ||
|---|---|---|---|
| 001 | 007765725-X | ||
| 005 | 20020606104010.5 | ||
| 008 | 930416s1913 sz 000 0 ger d | ||
| 035 | 0 | |a ocm27929244 | |
| 040 | |a NDD |c NDD |d HCH | ||
| 050 | 4 | |a CJ335 |b .I43 1913 | |
| 090 | |a CJ335 |b .I43 1913 | ||
| 100 | 2 | |a Imhoof-Blumer, Friedrich, |d 1838-1920. | |
| 245 | 1 | 0 | |a Antike griechische Münzen : |b Mit Registern und 82 Abbildungen auf IV Tafeln / |c von F. Imhoof-Blumer |
| 260 | |a Genf, |b Verlag der Schweiz. numismat. Gesellschaft, |c 1913. | ||
| 300 | |a 134 p. |b 4 plates. |c 24 cm. | ||
| 500 | |a "Separatabdruck der 'Schweiz. Numism. Rundschau', T. XIX, 1913." | ||
| 500 | |a Includes bibliographical references and indices | ||
| 504 | |a Includes bibliographical references. | ||
| 650 | 0 | |a Coins, Greek. | |
| 650 | 0 | |a Numismatics, Greek. | |
| 776 | 0 | 8 | |i Online version: |a Imhoof-Blumer, Friedrich, 1838-1920. |t Antike griechische Münzen. |d Genf, Verlag der Schweiz. numismat. Gesellschaft, 1913 |w (OCoLC)909234400 |
| 988 | |a 20020608 | ||
| 906 | |0 OCLC | ||


